| 000 | 01349cam a2200253 4500 | ||
|---|---|---|---|
| 001 | ABS64348 | ||
| 008 | 010911n2001 000 0 eng u | ||
| 035 | _a(Sirsi) u114514 | ||
| 245 | _aR v SoS Environment and another ex p Plymouth City Airport Ltd | ||
| 260 | _c2001 | ||
| 490 |
_aProperty and Compensation Reports _v[2001] P&CR 256-275(6) |
||
| 520 | _aCA 8 February. Examined a claim for compensation for depreciation in value of a neighbouring property by public works under the Land Compensation Act 1973. The works involved was a helicopter pad, previously a grassed area, used by the Royal Navy until relocated to a disused runway; it was decided that this was a substantial apron alteration and the SoS issued a certificate under s15(2) of the 1973 Act to that effect rendering the claimant (P) liable to compensation. Appeal to quash the certificate was dismissed. | ||
| 590 | _aABS | ||
| 650 | _aR V SOS ENVIRONMENT AND ANOTHER EX P PLYMOUTH CITY AIRPORT LTD | ||
| 650 |
_aCompulsory purchase _96228 |
||
| 650 | _aLAND COMPENSATION ACT 1973 | ||
| 650 | _aCOMPENSATION | ||
| 650 | _aDEPRECIATION IN VALUE | ||
| 650 | _aPUBLIC WORKS | ||
| 650 | _aAIRPORT EXPANSION | ||
| 650 | _aAPRON ALTERATIONS | ||
| 690 | _aENVIRONMENTAL AND LAND CONSULTANCY-PLANNING AND DEVELOPMENT-COMPULSORY PURCHASE AND COMPENSATION | ||
| 942 | _n0 | ||
| 999 |
_c68222 _d68222 |
||